| 000 | 00406nam a22001217a 4500 | ||
|---|---|---|---|
| 999 |
_c4729 _d4729 |
||
| 008 | 161125b xxu||||| |||| 00| 0 eng d | ||
| 082 | _a352.743 UNI | ||
| 245 |
_aCountry Report on the Millennium Development Goals 2010/ _cThe United Republic of Tanzania.- _hEnglish. |
||
| 260 |
_aDar Es Salaam: _bGovernment Printer, _c2011. |
||
| 300 |
_a66p.; _bIll.; _c30cm.- |
||
| 650 | _2Facts-Findings | ||
| 942 |
_2ddc _cBOOKS |
||